000 00966nam a2200277 i 4500
001 bgj
100 1 _aDAVIS, Paul
245 1 0 _aThe Confidence Book :
_bbuilding trust in the language classroom /
_cPaul Davis and Mario Rinvolucri.
250 _a[2nd impr.].
260 _aLondon :
_bLongman,
_c1990.
300 _aVII, 85 pp :
_bfig. ;
_c25 cm.
490 1 _aPilgrims Longman Resource Books
500 _aThis book is produced in association with Pilgrims Language Courses Limited of Canterbury, England.
504 _aBibliography.
505 _aIncludes index of activities.
650 9 _aEnglish language
_xStudy and teaching
_xForeign speakers
650 9 _aActivity programmes in education
700 1 _aRINVOLUCRI, Mario.
_eco-author
830 _aPilgrims Longman Resource Books
020 _a0582037662 (pbk)
040 _cBPK
041 0 _aeng
920 _a0-582-03766-2 (pbk)
942 _cKS
008 s uk f |000 0 eng
999 _c47327
_d47327
856 _uhttp://koha.tu.koszalin.pl/cgi-bin/koha/opac-detail.pl?biblionumber=47327
_yKatalog online BPK